000 00661nam a2200241Ia 4500
003 OSt
005 20221007071849.0
006 a|||||r|||| 00| 0
007 ta
008 221006b |||||||| |||| 00| 0 eng d
020 _a1850440018
024 _a15,427
037 _cTextual
040 _aFLL
_cFLL
_beng
041 _2eng
_aeng
082 _aX425:Z3qN82, M5
100 _aJackson D.C. Au.
_9689582
245 0 _aEnforcement of maritime claims
260 _aLondon
_bLloyd's of London Press Ltd. London
_c1985
300 _alxi,483p
_ccm.
942 _hX425:Z3qN82, M5
_cTEXL
_2CC
999 _c1144514
_d1144514